000 00294nam a22001337a 4500
008 181004b xxu||||| |||| 00| 0 eng d
020 _a9780631185383
041 _aeng
080 _a101
100 _a24
101 _aFIL
245 _aA Descartes Dictionary
_cCottingham,J
942 _2udc
_cBK
999 _c48863
_d48863